Ficções tributárias : (Record no. 635)

MARC details
000 -LÍDER
Campo Fixo de Controle 00767nam a2200253 a 4500
001 - NÚMERO DE CONTROLE
Campo de Controle 635
003 - IDENTIFICAÇÃO DO NÚMERO DE CONTROLE
Campo de Controle BR-CuiBMT
005 - DATA E HORA DA ÚLTIMA ATUALIZAÇÃO
Campo de Controle 20231110235754.0
008 - DADOS FIXOS
Dados Fixos 231108s2008 spba 000 0 por d
020 ## - INTERNATIONAL STANDARD BOOK NUMBER
Nº do ISBN 9788599349137
040 ## - AGÊNCIA CATALOGADORA
Código da Agência Catalogadora BR-CuiBMT
Agência que transcreveu o registro BR-CuiBMT
080 ## - Nº DA CLASSIFICAÇÃO DECIMAL UNIVERSAL
Nº Class. CDU 336.2:340.12
Nº edição CDU 2007
090 ## - NÚMERO DE CHAMADA
Nº classificação 336.2:340.12
Cutter P116f
100 1# - ENTRADA PRINCIPAL -- AUTOR PESSOAL
Nome pessoal Pacheco, Angela Maria da Motta
245 0# - TÍTULO PRINCIPAL
Título principal Ficções tributárias :
Subtítulo identificação e controle /
Indicação de responsabilidade Angela Maria da Motta Pacheco.
260 ## - PUBLICAÇÃO, DISTRIBUIÇÃO, ETC.
Local de publicação São Paulo :
Editora Noeses,
Data 2008.
300 ## - DESCRIÇÃO FÍSICA
N. páginas ou volumes 422 p.:
Ilustrações il. ;
Dimensões 23 cm
504 ## - NOTA DE BIBLIOGRAFIA, ETC.
Nota de bibliografia Inclui bibliografia.
650 ## - ASSUNTO TÓPICO
Cabeçalho tópico ou nome geográfico Direito tributário
650 ## - ASSUNTO TÓPICO
Cabeçalho tópico ou nome geográfico Competência tributária
650 ## - ASSUNTO TÓPICO
Cabeçalho tópico ou nome geográfico Sistema tributário
Subdivisão geral Legislação
650 ## - ASSUNTO TÓPICO
Cabeçalho tópico ou nome geográfico Ficção jurídica
942 ## - ELEMENTOS DE ENTRADA ADICIONAIS (KOHA)
Fonte de classificação ou esquema de arquivamento Classificação Decimal Universal
Tipo de item do Koha Livros
Holdings
Estado: removido Estado: perdido Fonte de classificação ou esquema de arquivamento Estado: danificado Indisponível para empréstimo Localização permanente Localização atual Data de aquisição Total Checkouts Número de Chamada completo Código de barras Date last seen Número do exemplar Preço efetivo a partir de Tipo de item (Koha)
    Classificação Decimal Universal     Biblioteca da Escola Superior de Contas do TCE/MT Biblioteca da Escola Superior de Contas do TCE/MT 02/04/2013   336.22:340.12 P116f BIBTCEMT23110457 10/11/2023 Ex. 1 10/11/2023 Livros

Powered by Koha